| 000 | 01196cam a22003617a 4500 | ||
|---|---|---|---|
| 003 | CHAP | ||
| 005 | 20240918125814.0 | ||
| 008 | 971013s1990 r 00010 d | ||
| 010 | _a73088 | ||
| 011 | _a74060 | ||
| 035 | _a83618 | ||
| 040 | _cCHAP | ||
| 090 | _aFolleto 14330 | ||
| 100 | 1 | 0 |
_aCervantes Escoto, Fernando _921557 |
| 245 | 0 | _aInseminación artificial en el ganado bovino | |
| 260 |
_aBermejillo, Dgo. : _bUACH. Departamento de Zonas Aridas, _c1990 |
||
| 300 |
_a55 h. _b: ilus. |
||
| 410 | _aUACH. Departamento de Zonas Aridas | ||
| 490 | 0 |
_aPublicación _v; 2 |
|
| 590 |
_aBATCH-UPD _b10 _c20130110 _lUCH01 _h1331 |
||
| 590 |
_aBATCH-UPD _b10 _c20130410 _lUCH01 _h0836 |
||
| 590 |
_aBATCH-UPD _b10 _c20130914 _lUCH01 _h0916 |
||
| 590 |
_aCONVERSION _b10 _c20130109 _lUCH01 _h1340 |
||
| 650 | 1 | 4 |
_aGanado vacuno _xReproducción. _945510 |
| 650 | 1 | 4 |
_aInseminación artificial. _958964 |
| 700 | 0 |
_aOrtega Sada, José Luis. _983873 |
|
| 810 | _aUACH. Departamento de Zonas Aridas | ||
| 830 | 0 |
_aPublicación _v; 2 |
|
| 901 | _aBK | ||
| 942 | _cFOLL | ||
| 949 |
_aFolleto 14330 _bBC _cFOLL _d-38283 _eTS1 _i83618 _si |
||
| 949 |
_aFolleto 14330 _bBC _cUACH _d-38284 _eUACH _fc.2 _i83618 _si |
||
| 999 |
_c73088 _d73088 |
||